Central Library OPAC University of Rajshahi

স্বাস্থ্য, খাদ্য ও রান্না / (Record no. 47170)

MARC details
000 -LEADER
fixed length control field 01057nam a2200277 a 4500
001 - CONTROL NUMBER
control field 47170
003 - CONTROL NUMBER IDENTIFIER
rucl marc code BD-RjUL
005 - DATE AND TIME OF LATEST TRANSACTION
control field 20211209054253.0
008 - FIXED-LENGTH DATA ELEMENTS--GENERAL INFORMATION
fixed length control field 160807r19981987bg a|||| |||| 001 0 ben d
020 ## - INTERNATIONAL STANDARD BOOK NUMBER
International Standard Book Number 9840737368
Terms of availability : TK 120.00
035 ## - SYSTEM CONTROL NUMBER
System control number (BD-RjUL)47289
040 ## - CATALOGING SOURCE
Original cataloging agency BD-RjUL
Language of cataloging ben
Transcribing agency BD-RjUL
041 ## - LANGUAGE CODE
Language code of text/sound track or separate title ben
082 ## - DEWEY DECIMAL CLASSIFICATION NUMBER
Edition number 23
Classification number 641
Author mark and year HUS 1998
100 1# - MAIN ENTRY--PERSONAL NAME
Personal name হক, তৈয়বা
9 (RLIN) 143641
245 10 - TITLE STATEMENT
Title স্বাস্থ্য, খাদ্য ও রান্না /
Statement of responsibility, etc. তৈয়বা হক
250 ## - EDITION STATEMENT
Edition statement ৩য় সং
260 ## - PUBLICATION, DISTRIBUTION, ETC. (IMPRINT)
Place of publication, distribution, etc. ঢাকা :
Name of publisher, distributor, etc. বাংলা একাডেমী,
Date of publication, distribution, etc. ১৯৮৭ [পুনর্মুদ্রণ ১৯৯৮].
300 ## - PHYSICAL DESCRIPTION
Pagination [বিশ], ৩৪৮ পৃ. :
Illustrations চিত্রাবলী ;
Size ২১ সেমি.
490 ## - SERIES STATEMENT
Series statement বা/এ ;
Volume/sequential designation ১১৭৪
500 ## - GENERAL NOTE
General note সংযুক্ত নির্ঘণ্ট
650 ## - SUBJECT ADDED ENTRY--TOPICAL TERM
Topical term or geographic name as entry element খাদ্য ও পানীয়
9 (RLIN) 144713
Topical term or geographic name as entry element Food and Drink
9 (RLIN) 144714
830 ## - SERIES ADDED ENTRY--UNIFORM TITLE
Uniform title বা/এ ;
Volume number/sequential designation ১১৭৪
942 ## - ADDED ENTRY ELEMENTS (KOHA)
Source of classification or shelving scheme Dewey Decimal Classification
Koha item type Books
Holdings
Lost status Source of classification or shelving scheme Damaged status Not for loan Collection code Permanent Location Current Location Shelving location Date acquired Source of acquisition Cost, normal purchase price Total Checkouts Full call number Date last seen Date checked out Copy number Koha item type
  Dewey Decimal Classification     Non-fiction Central Library, University of Rajshahi Central Library, University of Rajshahi   26/07/2012 Dhaka, Bangla Academy 120.00 1 B 641 HUS 1998 25/01/2026 08/01/2026 C-2 Books
  Dewey Decimal Classification     Non-fiction Central Library, University of Rajshahi Central Library, University of Rajshahi   26/07/2012 Dhaka, Bangla Academy 120.00 1 B 641 HUS 1998 03/06/2017 13/04/2017 C-3 Books
  Dewey Decimal Classification   Not For Loan Non-fiction Central Library, University of Rajshahi Central Library, University of Rajshahi Reading Room 10/10/1992 Dhaka, Bangla Academy 70.00   B 641 HUS 1987 05/11/2019   C-1 Books